| 000 | 00359nam a22001337a 4500 | ||
|---|---|---|---|
| 082 |
_a628.1 _bGIF _cL-23, P-32 |
||
| 100 |
_aGiffin, Frank _944211 |
||
| 245 |
_aWater supply _cGiffin, Frank |
||
| 260 |
_aLondon _bFrederick Muller _c1965 |
||
| 300 |
_a143 p. _bill. _c20 cm. |
||
| 526 |
_a0 _b0 _c0 _d628_100000000000000_GIF |
||
| 650 |
_aMCE _9379 |
||
| 942 |
_2ddc _cBK |
||
| 999 |
_c548031 _d548031 |
||